| 000 | 00389nam a2200169Ia 4500 | ||
|---|---|---|---|
| 003 | OSt | ||
| 005 | 20240304120355.0 | ||
| 008 | 170619s9999 xx 000 0 und d | ||
| 020 | _a9788120321335 | ||
| 040 | _cIIMT ENGINEERING COLLEGE | ||
| 100 | _aAwad Elias M | ||
| 245 | 0 | _aElectronic Commerce | |
| 260 | _bNew Delhi: PHI | ||
| 260 | _c2004 | ||
| 546 | _aENGLISH | ||
| 942 |
_2ddc _c01 |
||
| 999 |
_c17730 _d17730 |
||